| 000 | 00786nam a2200181 i 4500 | ||
|---|---|---|---|
| 001 | 124857 | ||
| 003 | ES-MaACL | ||
| 005 | 20230906192518.0 | ||
| 007 | t| | ||
| 008 | 070423s1931 sp ||||1| spa d | ||
| 245 | 0 | 0 | _aInformes sobre el régimen de derechos pasivos de los funcionarios y obreros de los Ayuntamientos y Diputaciones provinciales y Proyecto de organización de un Montepío para dichos fines. |
| 260 |
_aMadrid : _b[s.n.], _c1931 ( _fImprenta y Encuadernación de los Sobrinos de la Sucesora de M. Minuesa de los Ríos) |
||
| 300 |
_a148 p., ; _c21 cm. |
||
| 490 | 1 |
_aPublicaciones del Instituto Nacional de Previsión ; _v283 |
|
| 830 | 0 |
_aPublicaciones del Instituto Nacional de Previsión ; _v283 _9181151 |
|
| 852 |
_aES-MaACL _jC-12629(9) |
||
| 999 |
_c124857 _d124857 |
||